The twins at St. Clare's (Record no. 136127)

MARC details
000 -LEADER
fixed length control field 00507nam a22002057a 4500
005 - DATE AND TIME OF LATEST TRANSACTION
control field 20170124110255.0
010 ## - LIBRARY OF CONGRESS CONTROL NUMBER
LC control number A-742615
020 ## - INTERNATIONAL STANDARD BOOK NUMBER
Terms of availability 00.00
035 ## - SYSTEM CONTROL NUMBER
System control number A-742615
037 ## - SOURCE OF ACQUISITION
Source of stock number/acquisition Cen Lib/ Ret
040 ## - CATALOGING SOURCE
Original cataloging agency DPL
Language of cataloging EN
082 ## - DEWEY DECIMAL CLASSIFICATION NUMBER
Classification number S
Item number BLY
100 ## - MAIN ENTRY--PERSONAL NAME
Personal name Blyton, Enid
9 (RLIN) 13780
245 ## - TITLE STATEMENT
Title The twins at St. Clare's
Statement of responsibility, etc BY Enid Blyton
260 ## - PUBLICATION, DISTRIBUTION, ETC. (IMPRINT)
Place of publication, distribution, etc London
Name of publisher, distributor, etc Egmont
300 ## - PHYSICAL DESCRIPTION
Extent 496p.
Dimensions 19cm(Hb)
650 ## - SUBJECT ADDED ENTRY--TOPICAL TERM
Topical term or geographic name as entry element Literature story
9 (RLIN) 110973
650 ## - SUBJECT ADDED ENTRY--TOPICAL TERM
Topical term or geographic name as entry element English storey
9 (RLIN) 110974
942 ## - ADDED ENTRY ELEMENTS (KOHA)
Source of classification or shelving scheme Dewey Decimal Classification
Koha item type English Books
Classification part S
Call number suffix BLY
Holdings
Withdrawn status Lost status Damaged status Not for loan Home library Current library Date acquired Source of acquisition Total Checkouts Full call number Barcode Date last seen Copy number Price effective from Koha item type Public note
Written off       Central Library Central Library 19/12/2015 Cen Lib/Ret   S BLY A-742615 19/12/2015 1 19/12/2015 English Books W/d List 8136/20; dtd 21/2/17

© Delhi Public Library
Hit Counter
free hit counter